000 00961nam0a22002651 4500
001 rc\74173
005 20220427190442.0
010 _a5-86987-006-2
_910000
035 _a(NLR Aleph) 005345762
090 _a6742532
_c6742532
100 _a20021216d1996 u |0rusy50 ca
101 0 _arus
102 _aRU
105 _aa |||||||||
200 1 _aБесенок, или Славный малый
_e[Повесть
_eДля детей]
_fГрафиня де Сегюр
_g[Пересказ с фр. Я. Булавиной, К. Гашевой
_gХудож. А. Амирханов]
210 _aПермь
_cРИЦ "Здравствуй"
_d1996
215 _a141, [2] с.
_cцв. ил.
_d17
700 1 _aСегюр
_bС. Ф.
_f1799-1874
_gСофья Федоровна
_3RU\NLR\AUTH\7737245
702 1 _aБулавина
_bЯ.
_4570
801 0 _aRU
_bNLR
_gpsbo
801 1 _aRU
_bELAR
_2rusmarc
852 _aNLR
_j96-2/1760
942 _cBOOK
980 _aNB